000 00508nam a2200193Ia 4500
005 20260312113700.0
008 131103s9999 xx 000 0 und d
040 _aLoreto College
041 _aEnglish
082 _a822.33(ID)
_bTIT-MAX
100 _aShakespeare, William
245 _aTitus andronicus
_cWilliam Shakespeare; edited by J.C.Maxwell
260 _aLondon
_bMethuen & co.
_c1968
300 _a132p
650 _aEnglish drama
700 _aMaxwell; ed.
850 _aLCBED
942 _cBK
999 _c21794
_d72273